[Event "91st ch-FRA 2016"]
[Site "Agen FRA"]
[Date "2016.08.17"]
[Round "5.1"]
[White "Edouard, Romain"]
[Black "Gozzoli, Yannick"]
[Result "1/2-1/2"]
[WhiteTitle "GM"]
[BlackTitle "GM"]
[WhiteElo "2647"]
[BlackElo "2573"]
[WhiteFideId "633429"]
[BlackFideId "616915"]
[EventDate "2016.08.13"]

1. Nf3 c5 2. g3 Nc6 3. Bg2 g6 4. O-O Bg7 5. e4 d6 6. d3 Nf6 7. Nh4 O-O 8. f4 Rb8
9. h3 Nd7 10. f5 c4 11. Nc3 b5 12. Kh1 b4 13. Nd5 cxd3 14. cxd3 e6 15. Ne3 Ba6
16. Nf3 Nde5 17. Nxe5 Nxe5 18. Ng4 Re8 19. fxg6 fxg6 20. Nh6+ Kh8 21. Nf7+ Nxf7
22. Rxf7 Rf8 23. Rxf8+ Qxf8 24. Qe2 Qf6 25. Rb1 b3 26. axb3 Rxb3 27. Ra1 Bxd3
28. Qd1 Bc4 29. Rxa7 h5 30. Qxd6 Rd3 31. Qb8+ Rd8 32. e5 Rxb8 33. exf6 Bxf6 34.
Ra8 Rxa8 35. Bxa8 Kg7 36. Kg2 Kf7 37. Be4 Bb3 38. h4 Bd4 39. Kf3 Bd1+ 40. Kg2
Bb3 41. Kf3 1/2-1/2

[Event "91st ch-FRA 2016"]
[Site "Agen FRA"]
[Date "2016.08.17"]
[Round "5.2"]
[White "Gharamian, Tigran"]
[Black "Fressinet, Laurent"]
[Result "1/2-1/2"]
[WhiteTitle "GM"]
[BlackTitle "GM"]
[WhiteElo "2637"]
[BlackElo "2677"]
[WhiteFideId "13301527"]
[BlackFideId "608742"]
[EventDate "2016.08.13"]

1. e4 e5 2. Nf3 Nc6 3. d4 exd4 4. Nxd4 Bc5 5. Nxc6 Qf6 6. Qf3 dxc6 7. Nc3 Be6 8.
Be3 Qxf3 9. gxf3 Bxe3 10. fxe3 O-O-O 11. Rg1 g6 12. Ne2 Kb8 13. Nf4 Bc8 14. Rd1
Re8 15. Kf2 Nh6 16. Bh3 f6 17. Bxc8 Kxc8 18. h4 Nf7 19. Ne2 Re5 20. Ng3 Ra5 21.
Ra1 Rc5 22. Rac1 Ra5 23. Ra1 Rc5 24. Rac1 Ra5 1/2-1/2

[Event "91st ch-FRA 2016"]
[Site "Agen FRA"]
[Date "2016.08.17"]
[Round "5.3"]
[White "Demuth, Adrien"]
[Black "Jolly, Jean-Francois"]
[Result "0-1"]
[WhiteTitle "GM"]
[BlackTitle "IM"]
[WhiteElo "2545"]
[BlackElo "2361"]
[WhiteFideId "642274"]
[BlackFideId "634751"]
[EventDate "2016.08.13"]

1. Nf3 d5 2. g3 Nf6 3. Bg2 g6 4. d4 Bg7 5. c4 dxc4 6. Na3 O-O 7. O-O Na6 8. Nxc4
c5 9. b3 Be6 10. Bb2 Bd5 11. Rc1 Rc8 12. Qd2 Ne4 13. Qe3 Nd6 14. Nxd6 exd6 15.
Qd2 Be4 16. Rfd1 Qe7 17. Ne1 Rfe8 18. e3 b6 19. dxc5 dxc5 20. Bxg7 Kxg7 21. Qc3+
Qf6 22. Bxe4 Qxc3 23. Rxc3 Rxe4 24. Nc2 Rc7 25. f3 Ree7 26. Kf2 Red7 27. Rxd7
Rxd7 28. Ke2 Kf6 29. Rc4 Nc7 30. Ne1 Ne6 31. Nd3 Rc7 32. Nf4 Nxf4+ 33. Rxf4+ Ke6
34. g4 b5 35. Kd3 Rd7+ 36. Kc2 Rd5 37. h4 h6 38. Kc3 g5 39. hxg5 hxg5 40. Re4+
Re5 41. Rxe5+ Kxe5 42. a4 a6 43. axb5 axb5 44. Kd3 Kd5 45. Kc3 Kc6 46. Kd3 Kb6
47. Kc2 Ka5 48. Kc3 f6 49. b4+ Kb6 50. f4 Kc6 51. f5 c4 52. Kd4 Kd7 53. Kc3 Kc6
54. Kd4 Kd6 55. e4 Ke7 56. Kc3 Kd7 57. Kd4 Kd6 58. e5+ fxe5+ 59. Ke4 Kd7 60. Ke3
Ke7 61. Ke4 Kd6 62. Ke3 Kd5 63. Kd2 e4 64. Ke3 c3 65. Ke2 Kd6 66. Ke3 Ke5 67.
Ke2 Kd5 68. Ke3 Kc4 69. f6 c2 70. Kd2 Kb3 71. f7 Kb2 72. f8=Q c1=Q+ 73. Ke2 Qc2+
74. Ke1 Qc3+ 75. Ke2 Qd3+ 0-1

[Event "91st ch-FRA 2016"]
[Site "Agen FRA"]
[Date "2016.08.17"]
[Round "5.4"]
[White "Bauer, Christian"]
[Black "Maze, Sebastien"]
[Result "1-0"]
[WhiteTitle "GM"]
[BlackTitle "GM"]
[WhiteElo "2620"]
[BlackElo "2627"]
[WhiteFideId "603767"]
[BlackFideId "613762"]
[EventDate "2016.08.13"]

1. d4 Nf6 2. Nf3 g6 3. c4 Bg7 4. Nc3 O-O 5. e4 d6 6. h3 c5 7. d5 e6 8. Bd3 a6 9.
O-O e5 10. Rb1 Nh5 11. Re1 Nf4 12. Bf1 h6 13. a3 g5 14. Nh2 a5 15. g3 Ng6 16.
Ng4 Nd7 17. Ne3 Nf6 18. Bg2 Re8 19. Bd2 Bd7 20. b4 axb4 21. axb4 b6 22. Nb5 Bf8
23. Qf3 Kg7 24. Ra1 Rxa1 25. Rxa1 Qb8 26. Ra6 Bc8 27. Ra2 Be7 28. Na7 Bd7 29.
Nc6 Qc8 30. Ra7 Bd8 31. b5 Ne7 32. Kh2 Bc7 33. Qd1 Nfg8 34. Bc3 Bb8 35. Nxb8 1-0

[Event "91st ch-FRA 2016"]
[Site "Agen FRA"]
[Date "2016.08.17"]
[Round "5.5"]
[White "Cornette, Matthieu"]
[Black "Feller, Sebastien"]
[Result "1-0"]
[WhiteTitle "GM"]
[BlackTitle "GM"]
[WhiteElo "2581"]
[BlackElo "2602"]
[WhiteFideId "620084"]
[BlackFideId "634654"]
[EventDate "2016.08.13"]

1. d4 Nf6 2. Bf4 e6 3. e3 b6 4. Nf3 Bb7 5. Bd3 c5 6. c3 Be7 7. h3 O-O 8. O-O Nc6
9. a3 cxd4 10. cxd4 Rc8 11. Nc3 d5 12. Rc1 Na5 13. Nd2 Nc4 14. Nxc4 dxc4 15. Bb1
b5 16. Be5 a6 17. e4 Qb6 18. Qe2 Rfe8 19. Rfd1 Rcd8 20. Qf3 Nd7 21. Bf4 Nf8 22.
Qg3 Rd7 23. Be3 Qd8 24. e5 Ng6 25. Ne4 Bf8 26. Ng5 f5 27. exf6 Qxf6 28. Nxh7
Kxh7 29. Bg5 Bd6 30. Qg4 1-0

[Event "91st ch-FRA 2016"]
[Site "Agen FRA"]
[Date "2016.08.18"]
[Round "6.1"]
[White "Gharamian, Tigran"]
[Black "Bauer, Christian"]
[Result "1-0"]
[WhiteTitle "GM"]
[BlackTitle "GM"]
[WhiteElo "2637"]
[BlackElo "2620"]
[WhiteFideId "13301527"]
[BlackFideId "603767"]
[EventDate "2016.08.13"]

1. e4 d5 2. exd5 Qxd5 3. Nc3 Qd6 4. d4 c6 5. Ne4 Qe6 6. Qe2 Nf6 7. Nxf6+ Qxf6 8.
Be3 Bf5 9. O-O-O Nd7 10. g4 Be6 11. Bg2 Nb6 12. f4 O-O-O 13. Kb1 Bc4 14. Qf2 e6
15. Nf3 Bd6 16. Nd2 Bd5 17. Ne4 Qg6 18. Ng5 Bxg2 19. f5 exf5 20. gxf5 Qh5 21.
Qxg2 Rhe8 22. Bc1 h6 23. Qf3 Qxf3 24. Nxf3 Be7 25. Ne5 f6 26. Ng6 Rd5 27. Rhf1
Bd6 28. h3 Re4 29. c3 Kd7 30. Kc2 Re2+ 31. Rd2 Rxd2+ 32. Bxd2 Nc8 33. Kd3 b5 34.
b3 c5 35. Be3 cxd4 36. Ke4 dxe3 37. Kxd5 Bg3 38. Nf4 Ne7+ 39. Ke4 Bxf4 40. Kxf4
e2 41. Rg1 Nd5+ 42. Kf3 Nxc3 43. Kf2 Kd6 44. Rxg7 a5 45. Ra7 Ke5 46. Rxa5 Kxf5
47. a4 Ke4 48. Rxb5 Kd3 49. Ke1 Ke3 50. Rc5 Ne4 51. Rc2 1-0

[Event "91st ch-FRA 2016"]
[Site "Agen FRA"]
[Date "2016.08.18"]
[Round "6.2"]
[White "Maze, Sebastien"]
[Black "Edouard, Romain"]
[Result "1/2-1/2"]
[WhiteTitle "GM"]
[BlackTitle "GM"]
[WhiteElo "2627"]
[BlackElo "2647"]
[WhiteFideId "613762"]
[BlackFideId "633429"]
[EventDate "2016.08.13"]

1. d4 d5 2. Nf3 Nf6 3. e3 e6 4. b3 Bb4+ 5. c3 Bd6 6. Bd3 c5 7. c4 Nc6 8. Bb2
cxd4 9. exd4 Ne4 10. O-O f5 11. Nc3 Be7 12. Rc1 Bf6 13. Ne2 Qd6 14. cxd5 exd5
15. Bb5 Bd7 16. Bxc6 Bxc6 17. Ne5 Bb5 18. f3 Ng5 19. Re1 O-O 20. Nf4 Nf7 21. Qd2
Bg5 22. g3 Nd8 23. a4 Bc6 24. h4 Bh6 25. Ned3 Ne6 26. Re5 Nxf4 27. Nxf4 Rae8 28.
Rce1 Bxf4 29. Qxf4 Qb4 30. Rxe8 Rxe8 31. Rxe8+ Bxe8 32. Qe5 Qf8 33. Ba3 Qf7 34.
Bc5 a6 35. Bd6 h6 36. Qe1 Bd7 37. Kf2 Qe6 38. Qb4 Be8 39. Be5 Qc6 40. Qd2 b5 41.
axb5 Qxb5 42. Qc2 Bd7 43. Kg2 Qb4 1/2-1/2

[Event "91st ch-FRA 2016"]
[Site "Agen FRA"]
[Date "2016.08.18"]
[Round "6.4"]
[White "Fressinet, Laurent"]
[Black "Jolly, Jean-Francois"]
[Result "1-0"]
[WhiteTitle "GM"]
[BlackTitle "IM"]
[WhiteElo "2677"]
[BlackElo "2361"]
[WhiteFideId "608742"]
[BlackFideId "634751"]
[EventDate "2016.08.13"]

1. d4 Nf6 2. Nf3 e6 3. c4 d5 4. Nc3 Bb4 5. cxd5 exd5 6. Bg5 O-O 7. e3 c5 8. Be2
Be6 9. dxc5 Bxc3+ 10. bxc3 Nbd7 11. Qd4 Qa5 12. Qb4 Qc7 13. O-O Rfc8 14. Nd4
Qxc5 15. Qxb7 Qxc3 16. Bf4 Nc5 17. Qe7 Nce4 18. Ba6 Re8 19. Qc7 Qxc7 20. Bxc7
Nc5 21. Be2 Rec8 22. Bf4 Nfe4 23. Rfc1 Na4 24. Ba6 Rxc1+ 25. Rxc1 Nec5 26. Be2
Bd7 27. f3 Rc8 28. Bd6 Nb7 29. Rxc8+ Bxc8 30. Bb4 Bd7 31. Nb3 Nb6 32. Nc5 Nxc5
33. Bxc5 f6 34. Bd1 Kf7 35. Bb3 Be6 36. Kf2 Nc8 37. Ke2 a6 38. Kd3 Ne7 39. Kc3
Nc6 40. Ba4 Bd7 41. Bc2 g6 42. Bd3 Bc8 43. e4 Ne5 44. Bc2 Be6 45. a3 h5 46. Bd4
Nc6 47. Bd3 dxe4 48. Bxe4 Ne7 49. Kb4 Bd7 50. Bd3 a5+ 51. Kc5 g5 52. Bc4+ Be6
53. Bb5 Nd5 54. a4 h4 55. g3 hxg3 56. hxg3 f5 57. Bc4 Ne7 58. Be2 f4 59. g4 Bd7
60. Bd1 Nc8 61. Bc3 1-0

[Event "91st ch-FRA 2016"]
[Site "Agen FRA"]
[Date "2016.08.18"]
[Round "6.5"]
[White "Feller, Sebastien"]
[Black "Demuth, Adrien"]
[Result "1/2-1/2"]
[WhiteTitle "GM"]
[BlackTitle "GM"]
[WhiteElo "2602"]
[BlackElo "2545"]
[WhiteFideId "634654"]
[BlackFideId "642274"]
[EventDate "2016.08.13"]

1. e4 c5 2. Nf3 d6 3. d4 cxd4 4. Nxd4 Nf6 5. Nc3 Nc6 6. Bg5 e6 7. Qd2 Qb6 8. Nb3
a6 9. Bxf6 gxf6 10. f4 Bd7 11. O-O-O O-O-O 12. Be2 h5 13. Kb1 Be7 14. Qe1 Kb8
15. Rd3 Rdg8 16. Bf3 Rc8 17. a3 h4 18. Qd2 Rc7 19. Rd1 Rhc8 20. Rc1 Rh8 21. Rd1
Rhc8 22. Rc1 Rh8 23. Rd1 1/2-1/2

[Event "91st ch-FRA 2016"]
[Site "Agen FRA"]
[Date "2016.08.19"]
[Round "7.1"]
[White "Edouard, Romain"]
[Black "Gharamian, Tigran"]
[Result "1-0"]
[WhiteTitle "GM"]
[BlackTitle "GM"]
[WhiteElo "2647"]
[BlackElo "2637"]
[WhiteFideId "633429"]
[BlackFideId "13301527"]
[EventDate "2016.08.13"]

1. e4 e5 2. Nf3 Nc6 3. Bb5 Nf6 4. d3 Bc5 5. O-O Nd4 6. Nxd4 Bxd4 7. c3 Bb6 8.
Ba4 O-O 9. Bg5 h6 10. Bh4 d6 11. Kh1 g5 12. Bg3 Bg4 13. f3 Be6 14. d4 Nh5 15.
Bf2 Nf4 16. Na3 Qf6 17. Bb3 Rad8 18. Bxe6 Qxe6 19. d5 Qg6 20. Bxb6 axb6 21. g3
Nh5 22. Nc2 Ng7 23. g4 h5 24. Qe2 Ra8 25. Rg1 h4 26. Ne3 f6 27. a4 Ra6 28. Ra3
Rfa8 29. Rga1 Qe8 30. Qc4 Qd7 31. Qb4 Qc8 32. Nc4 R8a7 33. Kg1 Ne8 34. Qb5 Kf8
35. Kf2 c6 36. Qb4 c5 37. Qb3 Qd8 38. Ke2 Qc7 39. Qc2 Ra8 40. Kd3 R8a7 41. Rb3
Rxa4 42. Rxa4 Rxa4 43. Rxb6 Rxc4 44. Rb5 b6 45. Qb3 Qa7 46. Qxc4 Nc7 47. Rb3 Qa1
48. Kc2 Qa2 49. Qd3 Qa4 50. c4 b5 51. Kb1 b4 52. Qc2 Ke7 53. Rd3 Qxc2+ 54. Kxc2
Kd7 55. Rd1 Kc8 56. Ra1 Kb7 57. Kd3 Na8 58. f4 exf4 59. e5 dxe5 60. Ra5 1-0

[Event "91st ch-FRA 2016"]
[Site "Agen FRA"]
[Date "2016.08.19"]
[Round "7.2"]
[White "Jolly, Jean-Francois"]
[Black "Feller, Sebastien"]
[Result "1-0"]
[WhiteTitle "IM"]
[BlackTitle "GM"]
[WhiteElo "2361"]
[BlackElo "2602"]
[WhiteFideId "634751"]
[BlackFideId "634654"]
[EventDate "2016.08.13"]

1. e4 c5 2. Nf3 d6 3. d4 cxd4 4. Nxd4 Nf6 5. Nc3 a6 6. Nb3 e6 7. g4 b5 8. Bg2
Bb7 9. g5 Nfd7 10. Be3 Ne5 11. Qe2 Nc4 12. O-O-O Nd7 13. f4 Be7 14. h4 Rc8 15.
Bd4 e5 16. fxe5 dxe5 17. Bf2 Qc7 18. Bh3 Rd8 19. Bxd7+ Rxd7 20. Rxd7 Qxd7 21.
Nc5 Qc7 22. Nxb7 Qxb7 23. Rd1 O-O 24. Nd5 Bd6 25. h5 Qc8 26. Qf3 Qd8 27. Qg4 Qc8
28. Qg3 Qe6 29. Qf3 h6 30. b3 Ba3+ 31. Kb1 Rb8 32. Qg3 hxg5 33. Qxg5 Kh8 34. Rg1
Qh6 35. Qxh6+ gxh6 36. bxc4 bxc4+ 37. Nb6 Bb4 38. Kc1 Bc3 39. Nxc4 Rb4 40. Nd2
Ra4 41. Bh4 1-0

[Event "91st ch-FRA 2016"]
[Site "Agen FRA"]
[Date "2016.08.19"]
[Round "7.3"]
[White "Bauer, Christian"]
[Black "Fressinet, Laurent"]
[Result "1/2-1/2"]
[WhiteTitle "GM"]
[BlackTitle "GM"]
[WhiteElo "2620"]
[BlackElo "2677"]
[WhiteFideId "603767"]
[BlackFideId "608742"]
[EventDate "2016.08.13"]

1. e4 c5 2. Nf3 Nc6 3. Bb5 g6 4. Bxc6 bxc6 5. O-O Bg7 6. Re1 Nf6 7. e5 Nd5 8. c4
Nc7 9. d4 cxd4 10. Qxd4 Ne6 11. Qh4 d6 12. exd6 Qxd6 13. Nc3 h5 14. Bd2 O-O 15.
Ne4 Qc7 16. Bc3 f6 17. Qg3 Qxg3 18. hxg3 Rd8 19. Re2 Kf7 20. Rae1 Bf8 21. Ba5
Rd3 22. Ned2 g5 23. Nb3 g4 24. Nfd2 Nd4 25. Nxd4 Rxd4 26. Bb4 e5 27. Bxf8 Kxf8
28. Ne4 Ke7 29. f4 gxf3 30. gxf3 Rxc4 31. Rh2 Bf5 32. Rxh5 Bxe4 33. Rxe4 Rxe4
34. fxe4 a5 35. Rh7+ Ke6 36. Rc7 Kd6 37. Rf7 Ke6 38. Rc7 Kd6 39. Rf7 Ke6 40. Rc7 1/2-1/2

[Event "91st ch-FRA 2016"]
[Site "Agen FRA"]
[Date "2016.08.19"]
[Round "7.4"]
[White "Demuth, Adrien"]
[Black "Gozzoli, Yannick"]
[Result "1/2-1/2"]
[WhiteTitle "GM"]
[BlackTitle "GM"]
[WhiteElo "2545"]
[BlackElo "2573"]
[WhiteFideId "642274"]
[BlackFideId "616915"]
[EventDate "2016.08.13"]

1. Nf3 Nf6 2. c4 g6 3. d4 Bg7 4. Nc3 d5 5. Qb3 dxc4 6. Qxc4 O-O 7. e4 Nc6 8. Be2
e5 9. d5 Nd4 10. Nxd4 exd4 11. Qxd4 c6 12. Qc4 b5 13. Qxc6 Bd7 14. Qd6 Re8 15.
f3 Nh5 16. g3 f5 17. Be3 Be5 18. Qc5 f4 19. Bd4 Rc8 20. Qxa7 fxg3 21. hxg3 Bxg3+
22. Bf2 Bb8 23. Qa3 Bg3 24. Qa7 Bb8 25. Qa3 Bg3 26. Qa7 Bb8 1/2-1/2

[Event "91st ch-FRA 2016"]
[Site "Agen FRA"]
[Date "2016.08.19"]
[Round "7.5"]
[White "Cornette, Matthieu"]
[Black "Maze, Sebastien"]
[Result "1/2-1/2"]
[WhiteTitle "GM"]
[BlackTitle "GM"]
[WhiteElo "2581"]
[BlackElo "2627"]
[WhiteFideId "620084"]
[BlackFideId "613762"]
[EventDate "2016.08.13"]

1. d4 Nf6 2. c4 e6 3. g3 d5 4. Nf3 Be7 5. Bg2 O-O 6. O-O dxc4 7. Qc2 a6 8. a4
Bd7 9. Qxc4 Bc6 10. Bg5 Nbd7 11. Nc3 h6 12. Bxf6 Nxf6 13. b4 Bd5 14. Nxd5 exd5
15. Qb3 Bd6 16. e3 c6 17. Rfc1 Ne4 18. Ne1 h5 19. b5 axb5 20. axb5 Qb6 21. Bxe4
Rxa1 22. Rxa1 dxe4 23. Qc2 Qxb5 24. Qxe4 g6 25. Qd3 Qxd3 26. Nxd3 f5 27. Ra7 Rb8
28. h4 Kf7 29. Kf1 Ke6 30. Ke2 Kf6 31. Nf4 Kf7 32. Kd3 Kf6 33. Kc4 Kf7 34. Kd3
Kf6 35. Ra2 Kf7 36. Ra7 Kf6 37. Ra2 Kf7 38. Ra7 Kf6 39. Ra2 Kf7 40. Ra7 Kf6 41.
Ra2 1/2-1/2

[Event "91st ch-FRA 2016"]
[Site "Agen FRA"]
[Date "2016.08.20"]
[Round "8.1"]
[White "Bauer, Christian"]
[Black "Edouard, Romain"]
[Result "1/2-1/2"]
[WhiteTitle "GM"]
[BlackTitle "GM"]
[WhiteElo "2620"]
[BlackElo "2647"]
[WhiteFideId "603767"]
[BlackFideId "633429"]
[EventDate "2016.08.13"]

1. e4 c5 2. Na3 g6 3. c3 Bg7 4. f4 Nc6 5. Nf3 Nf6 6. d3 O-O 7. Be2 d5 8. e5 Ng4
9. d4 cxd4 10. cxd4 Qa5+ 11. Bd2 Qb6 12. Qb3 Qxb3 13. axb3 Nh6 14. Bc3 Nf5 15.
Nc2 h5 16. b4 Bd7 17. Kf2 a6 18. Bd3 f6 19. Rhe1 fxe5 20. dxe5 e6 21. g3 Na7 22.
Ncd4 Rfc8 23. Ng5 Nxd4 24. Bxd4 Nc6 25. Bc5 Bf8 26. Bxg6 Nxb4 27. Bf7+ Kg7 28.
Bxf8+ Kxf8 29. Bxe6 Bxe6 30. Nxe6+ Ke7 31. Nd4 Nd3+ 32. Ke3 Nxe1 33. Rxe1 a5 34.
f5 a4 35. f6+ Kf7 36. Kf4 Rc4 37. Rd1 Kg6 38. Rd3 b5 39. h4 b4 40. g4 a3 41.
gxh5+ Kxh5 42. Kf5 axb2 43. Rb3 Rxd4 44. Rxb2 Re4 45. e6 Ra6 46. f7 Raxe6 47.
f8=Q R6e5+ 48. Kf6 Rf4+ 49. Kxe5 Rxf8 50. Rxb4 1/2-1/2

[Event "91st ch-FRA 2016"]
[Site "Agen FRA"]
[Date "2016.08.20"]
[Round "8.2"]
[White "Maze, Sebastien"]
[Black "Demuth, Adrien"]
[Result "1/2-1/2"]
[WhiteTitle "GM"]
[BlackTitle "GM"]
[WhiteElo "2627"]
[BlackElo "2545"]
[WhiteFideId "613762"]
[BlackFideId "642274"]
[EventDate "2016.08.13"]

1. e4 c5 2. Nf3 d6 3. d4 cxd4 4. Nxd4 Nf6 5. Nc3 Nc6 6. Bg5 e6 7. Qd2 a6 8.
O-O-O Nxd4 9. Qxd4 Be7 10. f3 O-O 11. h4 b5 12. Qd2 Bb7 13. Bd3 Qc7 14. Ne2 d5
15. e5 Ne4 16. fxe4 dxe4 17. Bxe7 Qxe7 18. Nf4 exd3 19. Qxd3 Rfd8 20. Qg3 Be4
21. Nh5 Bg6 22. Nf4 Be4 23. Nh5 Bg6 24. Nf4 1/2-1/2

[Event "91st ch-FRA 2016"]
[Site "Agen FRA"]
[Date "2016.08.20"]
[Round "8.3"]
[White "Gozzoli, Yannick"]
[Black "Jolly, Jean-Francois"]
[Result "1/2-1/2"]
[WhiteTitle "GM"]
[BlackTitle "IM"]
[WhiteElo "2573"]
[BlackElo "2361"]
[WhiteFideId "616915"]
[BlackFideId "634751"]
[EventDate "2016.08.13"]

1. d4 Nf6 2. c4 e6 3. Nf3 d5 4. Nc3 Bb4 5. cxd5 exd5 6. Bg5 h6 7. Bh4 Nbd7 8. e3
g5 9. Bg3 Ne4 10. Nd2 Nxg3 11. hxg3 Nb6 12. Qc2 Be6 13. Bd3 c6 14. O-O-O Qf6 15.
Rhf1 O-O-O 16. Kb1 Kb8 17. Ka1 Rc8 18. Nb3 c5 19. Nxc5 Bxc5 20. dxc5 Rxc5 21.
Qd2 Rhc8 22. Be2 Nc4 23. Qd4 Qe7 24. Bxc4 Rxc4 25. Qe5+ Ka8 26. Rxd5 Qb4 27. Rd2
R4c5 28. Qd4 Rc4 29. Qe5 R4c5 30. Qd4 Rc4 31. Qe5 1/2-1/2

[Event "91st ch-FRA 2016"]
[Site "Agen FRA"]
[Date "2016.08.20"]
[Round "8.4"]
[White "Gharamian, Tigran"]
[Black "Cornette, Matthieu"]
[Result "1/2-1/2"]
[WhiteTitle "GM"]
[BlackTitle "GM"]
[WhiteElo "2637"]
[BlackElo "2581"]
[WhiteFideId "13301527"]
[BlackFideId "620084"]
[EventDate "2016.08.13"]

1. e4 c5 2. Nf3 Nc6 3. Bb5 g6 4. Bxc6 bxc6 5. O-O Bg7 6. Re1 Nh6 7. c3 O-O 8. d4
cxd4 9. cxd4 d5 10. e5 f6 11. exf6 exf6 12. Nbd2 Re8 13. h3 Nf7 14. Nb3 Bf5 15.
Bf4 g5 16. Bh2 Qb6 17. Qd2 Bf8 18. Nc5 Bxc5 19. dxc5 Qxc5 20. Rec1 Qb6 21. Qd4
Be4 22. Qxb6 axb6 23. Rxc6 Rec8 24. Nd4 Ne5 25. Rxf6 Rxa2 26. Rf1 Nd3 27. f3 Bg6
28. Rxb6 Rxb2 29. Rxb2 Nxb2 30. Ra1 Nd3 31. Bg3 Rc1+ 32. Rxc1 Nxc1 33. Kf2 Nd3+
34. Ke3 Kf7 35. Nb5 Nb4 36. Nc7 Kf6 37. Kd2 Bf7 38. Nb5 Nc6 39. Ke3 Bg6 40. Be1
d4+ 41. Nxd4 Nxd4 42. Kxd4 1/2-1/2

[Event "91st ch-FRA 2016"]
[Site "Agen FRA"]
[Date "2016.08.20"]
[Round "8.5"]
[White "Fressinet, Laurent"]
[Black "Feller, Sebastien"]
[Result "1/2-1/2"]
[WhiteTitle "GM"]
[BlackTitle "GM"]
[WhiteElo "2677"]
[BlackElo "2602"]
[WhiteFideId "608742"]
[BlackFideId "634654"]
[EventDate "2016.08.13"]

1. e4 c5 2. Nf3 d6 3. Bb5+ Bd7 4. c4 Nf6 5. Nc3 g6 6. Bxd7+ Nbxd7 7. d4 cxd4 8.
Nxd4 Bg7 9. O-O O-O 10. b3 a6 11. Bb2 e6 12. Re1 Rc8 13. Qd2 Qc7 14. Rad1 Rfd8
15. h3 d5 16. cxd5 exd5 17. exd5 Nb6 18. Rc1 Qb8 19. Nf3 Nfxd5 20. Nxd5 Rxd5 21.
Qe2 Rxc1 22. Bxc1 Qf8 23. Be3 Nd7 24. Qc4 Nf6 25. Bd4 b5 26. Qc6 Rd6 27. Qb7 Nd7
28. Rc1 Bxd4 29. Rc8 Bg7 30. g3 h6 31. Kg2 Nc5 32. Rxf8+ Bxf8 33. Qc8 Nd3 34. h4
Re6 35. Nd4 Rf6 36. f4 Nb4 37. a3 Nd5 38. b4 Rd6 39. Nf3 Ne3+ 40. Kf2 Nc4 41. a4
Kg7 42. h5 gxh5 43. axb5 axb5 44. Qf5 Rb6 45. Qb1 Kg8 46. Nd4 Rd6 47. Qe4 Nd2
48. Qe3 Nc4 49. Qe4 Nd2 50. Qe3 1/2-1/2

[Event "91st ch-FRA 2016"]
[Site "Agen FRA"]
[Date "2016.08.21"]
[Round "9.1"]
[White "Edouard, Romain"]
[Black "Fressinet, Laurent"]
[Result "1/2-1/2"]
[WhiteTitle "GM"]
[BlackTitle "GM"]
[WhiteElo "2647"]
[BlackElo "2677"]
[WhiteFideId "633429"]
[BlackFideId "608742"]
[EventDate "2016.08.13"]

1. d4 f5 2. g3 Nf6 3. Bg2 e6 4. Nf3 d5 5. O-O Bd6 6. c4 c6 7. Nc3 O-O 8. Qc2 Ne4
9. Rb1 Qe7 10. b4 b5 11. cxb5 Nxc3 12. Qxc3 cxb5 13. Bf4 Bxf4 14. gxf4 Bd7 15.
Qc5 Qxc5 16. bxc5 a5 17. a3 Rc8 18. Rb2 Nc6 19. Rxb5 Nxd4 20. Nxd4 Bxb5 21. Nxb5
Rxc5 22. Nd4 Kf7 23. Rb1 Rac8 24. Bf1 Rc1 25. Rb7+ R8c7 26. Rxc7+ Rxc7 27. e3 a4
28. Bb5 Rc3 29. Bxa4 Rxa3 30. Bd7 Ra6 31. Kf1 Kf6 32. Ke2 Ra2+ 33. Kf3 Ra6 34.
Kg3 g6 35. Kf3 Rb6 36. Bxe6 Rxe6 37. Nxe6 Kxe6 38. Ke2 Kd6 39. Kd3 Kc5 40. Kc3
h6 41. h4 Kc6 42. Kd4 Kd6 43. f3 h5 44. Kc3 Kc5 45. Kd3 Kc6 46. e4 dxe4+ 47.
fxe4 fxe4+ 48. Kxe4 Kd6 49. f5 gxf5+ 50. Kxf5 Ke7 51. Kg6 Kf8 52. Kxh5 Kg7 53.
Kg5 Kh8 54. Kg6 Kg8 55. h5 Kh8 56. h6 Kg8 57. h7+ Kh8 58. Kh6 1/2-1/2

[Event "91st ch-FRA 2016"]
[Site "Agen FRA"]
[Date "2016.08.21"]
[Round "9.2"]
[White "Jolly, Jean-Francois"]
[Black "Maze, Sebastien"]
[Result "1/2-1/2"]
[WhiteTitle "IM"]
[BlackTitle "GM"]
[WhiteElo "2361"]
[BlackElo "2627"]
[WhiteFideId "634751"]
[BlackFideId "613762"]
[EventDate "2016.08.13"]

1. e4 c5 2. Nf3 Nc6 3. d4 cxd4 4. Nxd4 Nf6 5. Nc3 e5 6. Ndb5 d6 7. Bg5 a6 8. Na3
b5 9. Bxf6 gxf6 10. Nd5 Bg7 11. Bd3 Be6 12. c3 f5 13. Qh5 O-O 14. O-O fxe4 15.
Bxe4 f5 16. Nf4 exf4 17. Bxc6 Rc8 18. Qe2 Be5 19. Qf3 Kh8 20. Bd5 Bxd5 21. Qxd5
f3 22. Qxf3 b4 23. cxb4 Qh4 24. g3 Qxb4 25. Rab1 f4 26. Qd3 fxg3 27. hxg3 Rc7
28. Nc2 Qg4 29. Ne3 Qh3 30. Ng2 Rg7 31. Rbe1 Rf5 32. Re3 Rh5 33. f4 Qh2+ 34. Kf2
Rf7 35. b3 Rhf5 36. Rf3 Bf6 37. Qd1 Kg8 38. Re1 Rc5 39. Rfe3 Rfc7 40. Qg4+ Kf7
41. Qe6+ Kg7 42. Qg4+ Kf7 43. Qe6+ Kg7 44. Qg4+ Kf7 1/2-1/2

[Event "91st ch-FRA 2016"]
[Site "Agen FRA"]
[Date "2016.08.21"]
[Round "9.3"]
[White "Cornette, Matthieu"]
[Black "Bauer, Christian"]
[Result "1-0"]
[WhiteTitle "GM"]
[BlackTitle "GM"]
[WhiteElo "2581"]
[BlackElo "2620"]
[WhiteFideId "620084"]
[BlackFideId "603767"]
[EventDate "2016.08.13"]

1. e4 Nf6 2. e5 Nd5 3. d4 d6 4. c4 Nb6 5. exd6 exd6 6. Nc3 Be7 7. Bd3 Nc6 8.
Nge2 O-O 9. O-O Bf6 10. b3 Re8 11. Be3 Bg4 12. Qd2 Bh5 13. Nf4 Bg6 14. Nxg6 hxg6
15. Be4 Rb8 16. Rfe1 Ne7 17. Bg5 Nd7 18. h4 c6 19. Re2 Nf8 20. Bxf6 gxf6 21.
Rae1 Kg7 22. d5 c5 23. Qf4 Ng8 24. Qg3 Re5 25. f4 Rh5 26. Bf3 Rh7 27. f5 Nh6 28.
fxg6 Nf5 29. Qf4 fxg6 30. h5 Qd7 31. g4 Kh8 32. gxf5 gxf5 33. Rg2 Rd8 34. Qg3
Qf7 35. Re7 1-0

[Event "91st ch-FRA 2016"]
[Site "Agen FRA"]
[Date "2016.08.21"]
[Round "9.4"]
[White "Demuth, Adrien"]
[Black "Gharamian, Tigran"]
[Result "1/2-1/2"]
[WhiteTitle "GM"]
[BlackTitle "GM"]
[WhiteElo "2545"]
[BlackElo "2637"]
[WhiteFideId "642274"]
[BlackFideId "13301527"]
[EventDate "2016.08.13"]

1. d4 Nf6 2. c4 e6 3. Nc3 d5 4. cxd5 exd5 5. Bg5 Be7 6. e3 c6 7. Qc2 Nbd7 8. Bd3
Nh5 9. Bxe7 Qxe7 10. O-O-O Nb6 11. Kb1 Nf6 12. h3 Be6 13. Nf3 O-O-O 14. Rc1 Kb8
15. Na4 Ne4 16. Nc5 Bf5 17. Ne5 f6 18. Nxc6+ bxc6 19. Na6+ Ka8 20. Qxc6+ Qb7 21.
Nc7+ Kb8 22. Na6+ Ka8 23. Nc7+ Kb8 24. Na6+ 1/2-1/2